Slovensko potrebuje diverzifikované zdroje zemného plynu Ruhrgas podporí diverzifikáciu zdrojov zemného plynu na Slovensku

Rozvoj plynárenstva v SR je obmedzený regulovanými cenami. Závislosť od dovozu z Ruska. Významná sústava Tranzitného plynovodu. Rusko rozširuje odbytové možnosti. Možnosť nových zdrojov plynu pre Slovensko. Nemecká energetická spoločnosť Ruhrgas AG Essen podporí diverzifikáciu zdrojov zemného plynu...

Ausführliche Beschreibung

Gespeichert in:
Bibliographische Detailangaben
1. Verfasser: Prosnan, Jozef
Format: Buchkapitel
Sprache:Slowakisch
Schlagworte:
Tags: Tag hinzufügen
Keine Tags, Fügen Sie das erste Tag hinzu!

MARC

LEADER 00000naa a2200000 4500
001 r019339
005 20230921074425.5
041 0 |a slo 
044 |a SK 
245 1 0 |a Slovensko potrebuje diverzifikované zdroje zemného plynu  |b Ruhrgas podporí diverzifikáciu zdrojov zemného plynu na Slovensku  |c J. Prosnan 
520 |a Rozvoj plynárenstva v SR je obmedzený regulovanými cenami. Závislosť od dovozu z Ruska. Významná sústava Tranzitného plynovodu. Rusko rozširuje odbytové možnosti. Možnosť nových zdrojov plynu pre Slovensko. Nemecká energetická spoločnosť Ruhrgas AG Essen podporí diverzifikáciu zdrojov zemného plynu na Slovensku. 
610 2 0 |a Slovensko 
610 2 0 |a priemysel plynárenský 
610 2 0 |a plyn 
610 2 0 |a plynovody 
610 2 0 |a Rusko 
610 2 0 |a Nemecko 
610 2 0 |a Tranzitný plynovod 
610 2 0 |a Slovenský plynárenský priemysel, a.s. Bratislava 
610 2 0 |a Ruhrgas AG Essen 
610 2 0 |a dovoz 
610 2 0 |a zdroje palivovo-energetické 
100 1 |a Prosnan, Jozef